Japonské nešťastie nemusí ohroziť globálnu ekonomiku

Japonská kríza a svetová ekonomika. Nešťastie, ktoré postihlo tretiu najväčšiu ekonomiku sveta. Podiel Japonska na celosvetovom hrubom domácom produkte. Budúci vývoj japonských makroekonomických ukazovateľov. Dôsledky tragédie a vplyv na globálnu ekonomiku.

Gespeichert in:
Bibliographische Detailangaben
1. Verfasser: Hölcz, Róbert
Format: Buchkapitel
Sprache:Slowakisch
Schlagworte:
Tags: Tag hinzufügen
Keine Tags, Fügen Sie das erste Tag hinzu!

MARC

LEADER 00000naa a2200000 4500
001 0128098
005 20231006124330.1
041 0 |a slo 
044 |a SK 
245 1 0 |a Japonské nešťastie nemusí ohroziť globálnu ekonomiku  |c Róbert Hölcz 
520 |a Japonská kríza a svetová ekonomika. Nešťastie, ktoré postihlo tretiu najväčšiu ekonomiku sveta. Podiel Japonska na celosvetovom hrubom domácom produkte. Budúci vývoj japonských makroekonomických ukazovateľov. Dôsledky tragédie a vplyv na globálnu ekonomiku. 
610 2 0 |a Japonsko 
610 2 0 |a hospodárstvo svetové 
610 2 0 |a vzťahy hospodárske vonkajšie 
610 2 0 |a problémy globálne 
610 2 0 |a zmeny klimatické 
610 2 0 |a sily prírodné 
610 2 0 |a znečistenie prostredia životného 
610 2 0 |a zodpovednosť spoločenská 
100 1 |a Hölcz, Róbert